• 首页
  • 本馆介绍
  • 公告通知
  • 最新文献
  • 馆藏检索
  • 电子资源
  • 读者导购
  • 参考咨询
  • 我的图书馆
  • 登录
  • 详细信息显示
  • 放入我的书架
  • 预约/预借图书
  • 作者相关作品
  • 分类相关作品
  • 丛书相关作品
  • 出版社相关作品

书目信息

  • 表格格式
  • 工作单格式
  • 卡片格式
题名:
中国哲学简史
    
 
作者: 冯友兰 著 ;赵复三 译
分册:  
出版信息: 北京   新世界出版社  2004
页数: 302页
开本: 24cm
丛书名:
单 册:
中图分类: B2
科图分类:
主题词: 哲学史--中国 , 哲学史
电子资源:
ISBN: 7-80187-216-9
000 00819nam0 2200241 450
001 002695581
005 20061115151305.89
010    @a7-80187-216-9@dCNY38.00
100    @a20040808d2004 em y0chiy0110 ea
101 0  @achi
102    @aCN@b110000
105    @aa z 000yy
200 1  @a中国哲学简史@9zhong guo zhe xue jian shi@e插图珍藏本@f冯友兰著@g赵复三译
210    @a北京@c新世界出版社@d2004
215    @a302页@c图,画像@d24cm
330    @a本书是对我国哲学大家冯友兰所著中国哲学的入门著作所提供的中译本,介绍其以中国哲学精神、背景为先导,对中国哲学史进行“子学、经学”两大分期的论述。
606 0  @a哲学史@y中国
606 0  @a哲学史
690    @aB2@v4
701  0 @a冯友兰@9feng you lan@f(1895~1990)@4著
702  0 @a赵复三@9zhao fu san@f(1926~)@4译
801  0 @aCN@bNLC@c20061115
905    @a10447@dB2@e104
    
    中国哲学简史:插图珍藏本/冯友兰著/赵复三译.-北京:新世界出版社,2004
    302页:图,画像;24cm
    
    
    ISBN 7-80187-216-9:CNY38.00
    本书是对我国哲学大家冯友兰所著中国哲学的入门著作所提供的中译本,介绍其以中国哲学精神、背景为先导,对中国哲学史进行“子学、经学”两大分期的论述。
●
相关链接 在E读中查询图书 在五车中查询图书 在当当中查询图书 在豆瓣中查询图书


正题名:中国哲学简史     索取号:B2/104         预约/预借

序号 登录号 条形码 馆藏地/架位号 状态 备注
1 0391049   203910492   第一样本阅览室/ [索取号:B2/104] 在馆    
2 0391050   203910508   第一借阅区/ [索取号:B2/104] 在馆    
3 0391051   203910517   第一借阅区/ [索取号:B2/104] 在馆    
4 0391052   203910526   第一借阅区/ [索取号:B2/104] 在馆    
5 0391053   203910535   第一借阅区/ [索取号:B2/104] 在馆    
唐山师范学院图书馆 欢迎您!
大连网信软件有限公司© 版权所有